<?xml version="1.0" encoding="UTF-8"?><?xml-stylesheet type="text/xsl" href="static/style.xsl"?><OAI-PMH xmlns="http://www.openarchives.org/OAI/2.0/" xmlns:xsi="http://www.w3.org/2001/XMLSchema-instance" xsi:schemaLocation="http://www.openarchives.org/OAI/2.0/ http://www.openarchives.org/OAI/2.0/OAI-PMH.xsd"><responseDate>2026-06-03T20:17:48Z</responseDate><request verb="GetRecord" identifier="oai:riuma.uma.es:10630/28878" metadataPrefix="marc">https://riuma.uma.es/rest/oai/request</request><GetRecord><record><header><identifier>oai:riuma.uma.es:10630/28878</identifier><datestamp>2026-02-03T11:44:05Z</datestamp><setSpec>com_10630_2254</setSpec><setSpec>col_10630_37956</setSpec></header><metadata><record xmlns="http://www.loc.gov/MARC21/slim" xmlns:dcterms="http://purl.org/dc/terms/" xmlns:doc="http://www.lyncode.com/xoai" xmlns:xsi="http://www.w3.org/2001/XMLSchema-instance" xsi:schemaLocation="http://www.loc.gov/MARC21/slim http://www.loc.gov/standards/marcxml/schema/MARC21slim.xsd">
   <leader>00925njm 22002777a 4500</leader>
   <datafield ind2=" " ind1=" " tag="042">
      <subfield code="a">dc</subfield>
   </datafield>
   <datafield ind2=" " ind1=" " tag="720">
      <subfield code="a">Crespo Guerrero, José Manuel</subfield>
      <subfield code="e">author</subfield>
   </datafield>
   <datafield ind2=" " ind1=" " tag="720">
      <subfield code="a">Gómez Robles, Lucía</subfield>
      <subfield code="e">author</subfield>
   </datafield>
   <datafield ind2=" " ind1=" " tag="720">
      <subfield code="a">Pérez González, José Luis</subfield>
      <subfield code="e">author</subfield>
   </datafield>
   <datafield ind2=" " ind1=" " tag="260">
      <subfield code="c">2022</subfield>
   </datafield>
   <datafield ind2=" " ind1=" " tag="520">
      <subfield code="a">La pesca ha sido practicada desde la aparición del ser humano, pero paradójicamente, escasean las investigaciones sociales que la consideran. Desde el posicionamiento teórico que ofrecen los estudios territoriales, la investigación se interroga sobre la evolución de las embarcaciones, en calidad de fuerzas productivas, durante el siglo XX en el noroeste yucateco (México). Se demuestra que las embarcaciones han mutado al ritmo que la pesca cobraba importancia socioeconómica y política. Se destaca,&#xd;
además, que dichos instrumentos son moldeadores del territorio, constituyéndose en bienes patrimoniales de la cultura marinera yucateca.</subfield>
   </datafield>
   <datafield ind1="8" ind2=" " tag="024">
      <subfield code="a">Crespo Guerrero, J.M., Gómez Robles, L., y Pérez González, J.L. (2022). Las embarcaciones en los procesos territoriales de la pesca ribereña del noroeste yucateco durante el siglo XX: del cedro a la fibra de vidrio. En Represa Pérez, F. (coord.) Territorios pesqueros: resiliencia, saberes locales y cambio en Latinoamérica. Manabí: Cuerpodevoces, pp. 97-146.</subfield>
   </datafield>
   <datafield ind1="8" ind2=" " tag="024">
      <subfield code="a">978-9942-7001-2-4</subfield>
   </datafield>
   <datafield ind1="8" ind2=" " tag="024">
      <subfield code="a">https://hdl.handle.net/10630/28878</subfield>
   </datafield>
   <datafield tag="653" ind2=" " ind1=" ">
      <subfield code="a">Barcos pesqueros -  Yucatán (Península) - S. XX</subfield>
   </datafield>
   <datafield ind2="0" ind1="0" tag="245">
      <subfield code="a">Las embarcaciones en los procesos territoriales de la pesca ribereña del noroeste yucateco durante el siglo XX: del cedro a la fibra de vidrio</subfield>
   </datafield>
</record>
</metadata></record></GetRecord></OAI-PMH>